logo

Bir Sreshtho Munshi Abdur Rouf Library
Jhenaidah Cadet College

Modern American poetry / (Record no. 9633)

MARC details
000 -LEADER
fixed length control field 00862cam a2200265 a 4500
001 - CONTROL NUMBER
JCCL Control Number 9633
003 - CONTROL NUMBER IDENTIFIER
JCCL marc code BD-JhCC
005 - DATE AND TIME OF LATEST TRANSACTION
control field 20180321165749.0
008 - FIXED-LENGTH DATA ELEMENTS--GENERAL INFORMATION
fixed length control field 050110s2005 pau b 001 0 eng
020 ## - INTERNATIONAL STANDARD BOOK NUMBER
International Standard Book Number 0791082377 (alk. paper)
035 ## - SYSTEM CONTROL NUMBER
system control number (BD-JhCC)9633
040 ## - CATALOGING SOURCE
Original cataloging agency DLC
Transcribing agency DLC
Modifying agency DLC
-- BD-JhCC
041 ## - LANGUAGE CODE
Language code of Book eng
050 00 - LIBRARY OF CONGRESS CALL NUMBER
Classification number PS374.M535
Item number M63 2005
082 00 - DEWEY DECIMAL CLASSIFICATION NUMBER
Classification number 811/.508
DDC Edition number 22
Author mark and Year MOD 2005
245 00 - TITLE STATEMENT
Title Modern American poetry /
Statement of responsibility, etc edited and with an introduction by Louis Untermeyer
260 ## - PUBLICATION, DISTRIBUTION, ETC. (IMPRINT)
Place of publication, distribution, etc Philadelphia :
Name of publisher, distributor, etc Chelsea House Publishers,
Date of publication, distribution, etc c2005.
300 ## - PHYSICAL DESCRIPTION
Pagination viii, 709 p. :
Dimensions 25 cm.
440 #0 -
Title Bloom's period studies
504 ## - BIBLIOGRAPHY, ETC. NOTE
Bibliography, etc Includes bibliographical references and index.
650 #0 - SUBJECT ADDED ENTRY--TOPICAL TERM
Topical term or geographic name as entry element American poetry
Chronological subdivision 20th century
General subdivision History and criticism.
650 #0 - SUBJECT ADDED ENTRY--TOPICAL TERM
Topical term or geographic name as entry element Modernism (Literature)
Geographic subdivision United States.
700 ## - ADDED ENTRY--PERSONAL NAME
Personal name Untermeyer, Louis
942 ## - ADDED ENTRY ELEMENTS (KOHA)
Source of classification or shelving scheme Dewey Decimal Classification
Koha item type Books
Holdings
Source of classification or shelving scheme Damaged status Not for loan Home library Current library Shelving location Total Checkouts Full call number Barcode Date last seen Copy number Koha item type
Dewey Decimal Classification     JCC Rouf Library JCC Rouf Library General Stacks   811/.508 MOD 2005 12871 03/21/2018 C - 1 Books

JCC Library | Contacts | JCC Home

Last Update on 23 September 2017
Copyright @ 2017-2020 JCC Rouf Library
Rouf Library, Jhenidah Cadet College (JCC), Bangladesh